00707nam a22002297a 450000500170000001000390001702000260005602000230008203500370010503500170014203700130015903700210017203700170019303700170021008200150022710000220024224500620026426000450032627000630037130000240043450000190045820140507111401.0 aENG-104926 B-483222 B-489103-104 a9780198079774c695.00 a019807977xc695.00 aEN-88459 B-483222 B-489103-104 aB-514055-059 bDBAD/PUB bVirtuous Pub/Ven bStar Pub/Ven bBSB/Venadpl a303.495491 aCohen, Stephen P. aThe Future of Pakistan /cby Stephen P. Cohen and others aNew DelhibOxford University Pressc2011 aYMCA Library Building, 1 Jai Singh RoadbNew Delhie110001 axv,311p. c25cm(Hb) aIncludes index